000 00632nam a2200181Ia 4500
008 151018s9999 xx 000 0 und d
082 _bRBASDV63502
_a891.463
100 _aविभा श वाकडे
245 _aबिननात्याचा माणूस
250 _b1
260 _b"अक्षता प्रकाशन, पुणे"
_c2014
300 _a225
600 _aविभा श वाकडे
630 _aबिननात्याचा माणूस
700 _aविभा श वाकडे
730 _aबिननात्याचा माणूस
942 _cBOOK
999 _c1055844
_d1055841